000 00785nam a22002417a 4500
003 UA-OsUOA
001 86798
007 ta
008 20120911b un ||||| |||| 00| 0 ukr d
100 _aХонигсман Я. С.
090 _a94(477)
_bХ77
942 _cBK
040 _aUA-OsUOA
_brus
_cUA-OsUOA
_dUA-OsUOA
245 _aБратская помощь трудящихся Западной Украины испанскому народу в борьбе с фашизмом (1936-1939 гг.)
300 _a208 с.
955 _a4
041 _arus
080 _a94(477)
020 _a5-11-000566-4
260 _aЛьвов
_bИзд-во при Львов. ун-те
_c1989
650 7 _a9 Географія. Біографії. Історія
_2UDC
999 _c372973
_d372973